সুফিয়া কামাল/ (Record no. 39018)
[ view plain ]
| 000 -LEADER | |
|---|---|
| fixed length control field | 00798nam a2200229 a 4500 |
| 001 - CONTROL NUMBER | |
| control field | 39018 |
| 003 - CONTROL NUMBER IDENTIFIER | |
| rucl marc code | BD-RjUL |
| 005 - DATE AND TIME OF LATEST TRANSACTION | |
| control field | 20211209052912.0 |
| 008 - FIXED-LENGTH DATA ELEMENTS--GENERAL INFORMATION | |
| fixed length control field | 160404b20101999b oe||e |||| 000 0 eng d |
| 020 ## - INTERNATIONAL STANDARD BOOK NUMBER | |
| International Standard Book Number | 9845550065 |
| Terms of availability | Tk.150 |
| 035 ## - SYSTEM CONTROL NUMBER | |
| System control number | (BD-RjUL) |
| 040 ## - CATALOGING SOURCE | |
| Original cataloging agency | BD-RjUL |
| Language of cataloging | ben |
| Transcribing agency | BD-RjUL |
| 041 ## - LANGUAGE CODE | |
| Language code of text/sound track or separate title | ben |
| 082 ## - DEWEY DECIMAL CLASSIFICATION NUMBER | |
| Edition number | 23 |
| Classification number | 928 |
| Author mark and year | JAS 2010 |
| 100 ## - MAIN ENTRY--PERSONAL NAME | |
| Personal name | জাহাঙ্গীর, সেলিম |
| 9 (RLIN) | 120459 |
| 245 ## - TITLE STATEMENT | |
| Title | সুফিয়া কামাল/ |
| Statement of responsibility, etc. | সেলিম জাহাঙ্গীর |
| 260 ## - PUBLICATION, DISTRIBUTION, ETC. (IMPRINT) | |
| Place of publication, distribution, etc. | ঢাকা: |
| Name of publisher, distributor, etc. | মোঃ নজরুল হক, |
| Date of publication, distribution, etc. | ২০১০. |
| 300 ## - PHYSICAL DESCRIPTION | |
| Pagination | ২২৪ পৃ.: |
| Illustrations | চিত্র ; |
| Size | ২২ সেমি. |
| 650 ## - SUBJECT ADDED ENTRY--TOPICAL TERM | |
| Topical term or geographic name as entry element | জীবনী |
| Geographic subdivision | বাংলাদেশ |
| 9 (RLIN) | 120522 |
| Topical term or geographic name as entry element | Biography |
| Geographic subdivision | Bangladesh |
| 9 (RLIN) | 120523 |
| 942 ## - ADDED ENTRY ELEMENTS (KOHA) | |
| Source of classification or shelving scheme | Dewey Decimal Classification |
| Koha item type | Books |
| Lost status | Source of classification or shelving scheme | Damaged status | Not for loan | Collection code | Permanent Location | Current Location | Shelving location | Date acquired | Source of acquisition | Cost, normal purchase price | Total Checkouts | Full call number | Date last seen | Copy number | Koha item type | Date checked out | Total Renewals |
|---|---|---|---|---|---|---|---|---|---|---|---|---|---|---|---|---|---|
| Dewey Decimal Classification | Not For Loan | Non-fiction | Central Library, University of Rajshahi | Central Library, University of Rajshahi | Reading Room | 24/06/2013 | Bangladesh Shilpakala academy | 150.00 | B 928.9144 JAS 2010 | 04/04/2016 | C-1 | Books | |||||
| Dewey Decimal Classification | Non-fiction | Central Library, University of Rajshahi | Central Library, University of Rajshahi | 24/06/2013 | Bangladesh Shilpakala academy | 150.00 | 1 | B 928.9144 JAS 2010 | 06/11/2019 | C-2 | Books | 20/10/2019 | |||||
| Dewey Decimal Classification | Non-fiction | Central Library, University of Rajshahi | Central Library, University of Rajshahi | 24/06/2013 | Bangladesh Shilpakala academy | 150.00 | 3 | B 928.9144 JAS 2010 | 23/05/2022 | C-3 | Books | 22/05/2022 |